[Event "NOR-chT Clubs"]
[Site "Drammen"]
[Date "2022.05.26"]
[Round "6"]
[White "Stanford, Maxim Barth"]
[Black "Stenseng, Benjamin"]
[Result "1-0"]
[WhiteElo "2306"]
[BlackElo "1547"]
[PlyCount "61"]
[EventDate "2022.05.26"]
[EventType "team-swiss"]
[EventRounds "6"]
[EventCountry "NOR"]
[SourceTitle "EXT 2024"]
[Source "ChessBase"]
[SourceDate "2023.10.10"]
[SourceVersion "1"]
[SourceVersionDate "2023.10.10"]
[SourceQuality "1"]
[WhiteTeam "Stjernen"]
[BlackTeam "Konnerud Tempo II"]
[WhiteTeamCountry "NOR"]
[BlackTeamCountry "NOR"]

1. Nf3 Nf6 2. c4 c5 3. g3 b6 4. Bg2 Bb7 5. Nc3 e6 6. 0-0 Be7 7. Re1 0-0 8. e4 d6 9. d4 cxd4 10. Nxd4 Qc8 11. b3 a6 12. Bb2 Nbd7 13. Rc1 Rb8 14. h3 Rd8 15. Kh2 Qc7 16. f4 Bf8 17. Qe2 h5 18. Nf3 Nc5 19. Ng5 h4 20. b4 hxg3+ 21. Kxg3 Ncd7 22. Nd5 exd5 23. cxd5 Nc5 24. Kh2 Qe7 25. bxc5 bxc5 26. e5 Nh7 27. Nxh7 Kxh7 28. e6 Bxd5 29. Bxd5 fxe6 30. Qh5+ Kg8 31. Rxe6 1-0

[Event "Kragero op"]
[Site "Kragero"]
[Date "2022.02.26"]
[Round "8"]
[White "Stanford, Maxim Barth"]
[Black "Lye, Sverre"]
[Result "1-0"]
[WhiteElo "2339"]
[BlackElo "1917"]
[PlyCount "171"]
[EventDate "2022.02.23"]
[EventType "swiss"]
[EventRounds "9"]
[EventCountry "NOR"]
[SourceTitle "CBM 207 Extra"]
[Source "ChessBase"]
[SourceDate "2022.05.31"]
[SourceVersion "1"]
[SourceVersionDate "2022.05.31"]
[SourceQuality "1"]

1. d4 Nf6 2. c4 e6 3. g3 d5 4. Bg2 Bb4+ 5. Bd2 Be7 6. Nf3 0-0 7. 0-0 Nbd7 8. Qc2 Ne4 9. Nc3 Nxd2 10. Nxd2 Nf6 11. Rfd1 c6 12. Rac1 b6 13. e4 dxe4 14. Ndxe4 Bb7 15. Qa4 Qb8 16. Nxf6+ Bxf6 17. Bxc6 Rd8 18. d5 Bxc6 19. Qxc6 Rd6 20. Qa4 Bxc3 21. Rxc3 Qd8 22. Rcd3 Qe7 23. Qa3 exd5 24. cxd5 h6 25. Rd4 Rad8 26. Qd3 Qb7 27. a3 Qa8 28. h4 Qb7 29. Re1 Qa8 30. Re5 Qc8 31. Kg2 Qa8 32. Kh2 Qb7 33. Qe4 Qc8 34. Rd2 Qb7 35. Re8+ Rxe8 36. Qxe8+ Kh7 37. a4 Qc7 38. b3 h5 39. Rd4 Rf6 40. Qe2 g6 41. Kg1 Qd7 42. Rd2 Rd6 43. Qe5 Qd8 44. Rd4 Qd7 45. Kh2 Kg8 46. Qe4 Qd8 47. Qe5 Qd7 48. f3 Qd8 49. Kh3 Qc8+ 50. g4 Qc1 51. Kg2 Qb2+ 52. Kg3 hxg4 53. h5 Qc1 54. Qe8+ Kg7 55. Qe5+ Kg8 56. Qe8+ Kg7 57. h6+ Qxh6 58. Qe5+ Rf6 59. Rxg4 Qh1 60. Qe3 Qd1 61. Rh4 g5 62. Rg4 Qxd5 63. Rxg5+ Qxg5+ 64. Qxg5+ Rg6 65. Kf4 Rxg5 66. Kxg5 f6+ 67. Kf5 Kf7 68. b4 a6 69. b5 a5 70. f4 Ke7 71. Kg6 Ke6 72. Kg7 Kf5 73. Kf7 Kxf4 74. Kxf6 Ke4 75. Ke6 Kd4 76. Kd6 Kc4 77. Kc6 Kb4 78. Kxb6 Kxa4 79. Kc5 Kb3 80. b6 a4 81. b7 a3 82. b8Q+ Kc2 83. Kc4 a2 84. Qh2+ Kb1 85. Kb3 a1Q 86. Qc2# 1-0

[Event "Kragero op"]
[Site "Kragero"]
[Date "2022.02.25"]
[Round "5"]
[White "Bogner, Sebastian"]
[Black "Stanford, Maxim Barth"]
[Result "1-0"]
[WhiteElo "2573"]
[BlackElo "2339"]
[PlyCount "129"]
[EventDate "2022.02.23"]
[EventType "swiss"]
[EventRounds "9"]
[EventCountry "NOR"]
[SourceTitle "CBM 207 Extra"]
[Source "ChessBase"]
[SourceDate "2022.05.31"]
[SourceVersion "1"]
[SourceVersionDate "2022.05.31"]
[SourceQuality "1"]

1. d4 Nf6 2. c4 e6 3. Nf3 d5 4. g3 dxc4 5. Bg2 a6 6. 0-0 Nc6 7. e3 Bd7 8. Qe2 Bd6 9. Qxc4 0-0 10. Nc3 Qe7 11. e4 e5 12. Bg5 b5 13. Qd3 Nb4 14. Qd2 exd4 15. e5 Bxe5 16. Nxe5 Qxe5 17. Bxa8 Rxa8 18. Rfe1 Qf5 19. Bxf6 gxf6 20. Ne4 c5 21. Qh6 Nd5 22. Nxc5 Bc6 23. Ne4 Qg6 24. Qxg6+ hxg6 25. Rad1 Nb4 26. a3 Nc2 27. Re2 Kg7 28. f3 Bxe4 29. Rxe4 Rc8 30. Re2 Rc4 31. Kf2 b4 32. axb4 Nxb4 33. Red2 d3 34. Ra1 Rc5 35. Ra4 a5 36. Ra3 f5 37. Rc3 Rd5 38. h4 Kf6 39. Rd1 Rb5 40. Rc4 Rd5 41. g4 fxg4 42. fxg4 Kg7 43. Ke3 Re5+ 44. Re4 Rb5 45. g5 Rc5 46. Rd2 Rd5 47. Rf2 Nc6 48. Rc4 Ne5 49. Rd4 Rxd4 50. Kxd4 d2 51. Rf1 Nf3+ 52. Ke3 Nxh4 53. Kxd2 Nf5 54. Ra1 f6 55. gxf6+ Kxf6 56. Rxa5 g5 57. Kd3 Ke6 58. b4 g4 59. Ra6+ Ke5 60. Rg6 Kf4 61. b5 Ne7 62. Rg7 Nc8 63. Rc7 Nd6 64. b6 g3 65. Ke2 1-0

[Event "Kragero op"]
[Site "Kragero"]
[Date "2020.02.21"]
[Round "5"]
[White "Vrolijk, Liam"]
[Black "Stanford, Maxim Barth"]
[Result "1-0"]
[WhiteElo "2501"]
[BlackElo "2339"]
[PlyCount "99"]
[EventDate "2020.02.19"]
[EventType "swiss"]
[EventRounds "9"]
[EventCountry "NOR"]
[SourceTitle "CBM 195 Extra"]
[Source "ChessBase"]
[SourceDate "2020.05.31"]
[SourceVersion "1"]
[SourceVersionDate "2020.05.31"]
[SourceQuality "1"]

1. d4 Nf6 2. c4 e6 3. Nf3 b6 4. g3 Ba6 5. Qc2 Bb4+ 6. Bd2 Qe7 7. e4 Bb7 8. Bd3 Nc6 9. a3 Bxd2+ 10. Nbxd2 e5 11. d5 Nd8 12. 0-0 d6 13. b4 c5 14. bxc5 bxc5 15. Rab1 Bc8 16. Qa4+ Bd7 17. Qa5 Bh3 18. Rfe1 0-0 19. Rb2 Nh5 20. Reb1 Rc8 21. Qa6 g6 22. Rb8 Rc7 23. Bf1 Bxf1 24. Kxf1 f5 25. R1b3 Nf6 26. exf5 gxf5 27. Nh4 Ne4 28. Ndf3 Qf6 29. Rc8 Rd7 30. Qa4 Rdf7 31. Qa5 f4 32. g4 Ng5 33. Nxg5 Qxg5 34. Nf5 e4 35. h4 Qf6 36. Qd2 e3 37. fxe3 h5 38. e4 Qa1+ 39. Qe1 Qa2 40. Rf3 hxg4 41. Rxf4 Qxc4+ 42. Kg2 Kh7 43. Qe3 Rf6 44. Kg3 Qa6 45. Rc7+ R8f7 46. Rxf7+ Nxf7 47. Rxg4 Rg6 48. Rxg6 Kxg6 49. Kf2 Kh7 50. Qg3 1-0

[Event "Hillerod 100th Ann op"]
[Site "Hillerod"]
[Date "2020.02.09"]
[Round "2"]
[White "Brondal, Paul"]
[Black "Stanford, Maxim Barth"]
[Result "0-1"]
[WhiteElo "2074"]
[BlackElo "2339"]
[PlyCount "102"]
[EventDate "2020.02.08"]
[EventType "swiss"]
[EventRounds "9"]
[EventCountry "DEN"]
[SourceTitle "CBM 194 Extra"]
[Source "ChessBase"]
[SourceDate "2020.03.31"]
[SourceVersion "1"]
[SourceVersionDate "2020.03.31"]
[SourceQuality "1"]

1. e4 c5 2. Nf3 Nc6 3. d4 cxd4 4. Nxd4 Nf6 5. Nc3 e5 6. Ndb5 d6 7. Bg5 a6 8. Na3 b5 9. Nd5 Be7 10. Bxf6 Bxf6 11. c3 0-0 12. Nc2 Rb8 13. Be2 Bg5 14. 0-0 a5 15. Bg4 Be6 16. g3 Qd7 17. Nce3 Bxe3 18. Nxe3 b4 19. Bxe6 fxe6 20. Qd2 bxc3 21. bxc3 Rfd8 22. Rab1 Rxb1 23. Rxb1 d5 24. Qd3 d4 25. Nc4 Qc7 26. Rb5 dxc3 27. Qxc3 Nd4 28. Qxa5 Nxb5 29. Qxb5 Rb8 30. Qa6 Kf7 31. Kg2 Rb4 32. Nd6+ Kg6 33. Nf5 Qc4 34. Nh4+ Kh5 35. Qa7 Qxe4+ 36. Nf3 Rb7 37. Qa8 Kh6 38. Qd8 Qf5 39. Qd2+ g5 40. h4 Kg7 41. hxg5 Rf7 42. Qe3 e4 43. Qd4+ Kg8 44. Ne5 Rf8 45. Nd7 e3 46. Nxf8 Qxf2+ 47. Kh3 Qf5+ 48. Kg2 e2 49. Nxe6 e1N+ 50. Kh1 Qf3+ 51. Kh2 Qg2# 0-1

[Event "Fredericia"]
[Site "Fredericia"]
[Date "2019.06.02"]
[Round "8"]
[White "Stanford, Maxim Barth"]
[Black "Ahlander, Bjorn"]
[Result "0-1"]
[WhiteElo "2342"]
[BlackElo "2421"]
[PlyCount "68"]
[EventDate "2019.05.29"]
[EventType "tourn"]
[EventRounds "9"]
[EventCountry "DEN"]
[EventCategory "4"]
[SourceTitle "CBM 190 Extra"]
[Source "ChessBase"]
[SourceDate "2019.07.15"]
[SourceVersion "1"]
[SourceVersionDate "2019.07.15"]
[SourceQuality "1"]

1. e4 c5 2. Nf3 e6 3. d4 cxd4 4. Nxd4 a6 5. Bd3 Bc5 6. Nb3 Ba7 7. Nc3 Nc6 8. Qe2 d6 9. Be3 Nf6 10. 0-0-0 e5 11. f3 b5 12. Kb1 Be6 13. g4 Bxe3 14. Qxe3 0-0 15. Nd5 Bxd5 16. exd5 Ne7 17. Qd2 Ra7 18. Qf2 Qb8 19. g5 Nfxd5 20. Be4 Nb6 21. Rhg1 d5 22. Bd3 Qd6 23. Qh4 g6 24. f4 Nc4 25. Bxc4 bxc4 26. Nd2 Qb6 27. fxe5 a5 28. Nf3 Nf5 29. Qe1 d4 30. Qf2 Rb8 31. b3 a4 32. Nxd4 axb3 33. cxb3 cxb3 34. a4 Rxa4 0-1

[Event "Fredericia"]
[Site "Fredericia"]
[Date "2019.06.02"]
[Round "9"]
[White "Vasli, Aref"]
[Black "Stanford, Maxim Barth"]
[Result "0-1"]
[WhiteElo "2346"]
[BlackElo "2342"]
[PlyCount "112"]
[EventDate "2019.05.29"]
[EventType "tourn"]
[EventRounds "9"]
[EventCountry "DEN"]
[EventCategory "4"]
[SourceTitle "CBM 190 Extra"]
[Source "ChessBase"]
[SourceDate "2019.07.15"]
[SourceVersion "1"]
[SourceVersionDate "2019.07.15"]
[SourceQuality "1"]

1. Nf3 Nf6 2. g3 b5 3. Bg2 Bb7 4. 0-0 e6 5. d3 d5 6. Nbd2 Be7 7. e4 0-0 8. Qe2 c5 9. Re1 Re8 10. h4 Nc6 11. Nf1 Qb6 12. e5 Nd7 13. N1h2 Rac8 14. Bf4 Nd4 15. Nxd4 cxd4 16. h5 Rc6 17. Nf3 Rec8 18. Rec1 a5 19. g4 b4 20. h6 g6 21. Rab1 Ba6 22. Qd2 Bb5 23. Bf1 Ba4 24. Bg5 Bf8 25. Qf4 Rxc2 26. Rxc2 Rxc2 27. Nxd4 Rc8 28. b3 Bc6 29. Nxc6 Rxc6 30. d4 Rc3 31. Qd2 Nb8 32. Be3 Nc6 33. Kg2 Be7 34. Be2 f6 35. exf6 Bxf6 36. Rd1 Kf7 37. f4 Qc7 38. Bd3 Ne7 39. Bb1 Nc8 40. Qe2 Nd6 41. Bf2 Rc1 42. Be3 Rxd1 43. Qxd1 Qc3 44. Qd3 Ne4 45. Kf1 Qa1 46. Kg2 Nc3 47. Bc2 Qxa2 48. f5 exf5 49. gxf5 Ne4 50. fxg6+ Kxg6 51. Qe2 Kf7 52. Kh3 Ke7 53. Qd1 Qb2 54. Kg4 Qc3 55. Bxe4 Qxe3 56. Bxh7 Qg5+ 0-1

[Event "Fredericia"]
[Site "Fredericia"]
[Date "2019.05.30"]
[Round "2"]
[White "Stanford, Maxim Barth"]
[Black "Fries Nielsen, Niels Jorgen"]
[Result "1/2-1/2"]
[WhiteElo "2342"]
[BlackElo "2328"]
[PlyCount "60"]
[EventDate "2019.05.29"]
[EventType "tourn"]
[EventRounds "9"]
[EventCountry "DEN"]
[EventCategory "4"]
[SourceTitle "CBM 190 Extra"]
[Source "ChessBase"]
[SourceDate "2019.07.15"]
[SourceVersion "1"]
[SourceVersionDate "2019.07.15"]
[SourceQuality "1"]

1. e4 c5 2. Nf3 Nc6 3. Bb5 d6 4. 0-0 Bd7 5. Re1 Nf6 6. c4 g6 7. Nc3 Bg7 8. Bxc6 Bxc6 9. d4 cxd4 10. Nxd4 0-0 11. b3 Re8 12. Bb2 Rc8 13. Qd2 Qa5 14. Rad1 Bd7 15. h3 a6 16. a4 Qb4 17. Qd3 e5 18. Na2 Qc5 19. Nf3 b5 20. axb5 axb5 21. Qxd6 bxc4 22. Qxc5 Rxc5 23. bxc4 Rxc4 24. Bxe5 Ba4 25. Rd4 Rxd4 26. Bxd4 Nxe4 27. Bxg7 Kxg7 28. Re3 Nf6 29. Rxe8 Bxe8 30. Nc3 Bc6 1/2-1/2

[Event "Gibraltar Masters 16th"]
[Site "Caleta"]
[Date "2018.01.24"]
[Round "8"]
[White "Stanford, Maxim Barth"]
[Black "Bellahcene, Bilel"]
[Result "1/2-1/2"]
[WhiteElo "2370"]
[BlackElo "2494"]
[PlyCount "62"]
[EventDate "2018.01.23"]
[EventType "swiss"]
[EventRounds "10"]
[EventCountry "GGB"]
[SourceTitle "CBM 183"]
[Source "ChessBase"]
[SourceDate "2018.03.14"]
[SourceVersion "1"]
[SourceVersionDate "2018.03.14"]
[SourceQuality "1"]

1. c4 e6 2. Nf3 b6 3. g3 Bb7 4. Bg2 f5 5. 0-0 Nf6 6. d3 Be7 7. Nc3 0-0 8. a3 a5 9. b3 Na6 10. Bb2 Qe8 11. e3 d6 12. Nd4 Bxg2 13. Kxg2 Qd7 14. e4 c5 15. Nc2 Qb7 16. Qe2 Nc7 17. Kg1 Rae8 18. a4 Nd7 19. f4 Bf6 20. Qg2 g6 21. Rae1 Bg7 22. Ba1 Qa8 23. exf5 Qxg2+ 24. Kxg2 gxf5 25. Nb5 Nxb5 26. Bxg7 Kxg7 27. axb5 Nf6 28. Re2 Re7 29. Rfe1 Rfe8 30. Ne3 Kg6 31. Nd1 Kf7 1/2-1/2

[Event "Gibraltar Masters 16th"]
[Site "Caleta"]
[Date "2018.01.23"]
[Round "1"]
[White "Stanford, Maxim Barth"]
[Black "Vitiugov, Nikita"]
[Result "0-1"]
[WhiteElo "2370"]
[BlackElo "2732"]
[PlyCount "126"]
[EventDate "2018.01.23"]
[EventType "swiss"]
[EventRounds "10"]
[EventCountry "GGB"]
[SourceTitle "CBM 183"]
[Source "ChessBase"]
[SourceDate "2018.03.14"]
[SourceVersion "1"]
[SourceVersionDate "2018.03.14"]
[SourceQuality "1"]

1. e4 c5 2. Nf3 e6 3. d4 cxd4 4. Nxd4 Nc6 5. Nc3 Qc7 6. Be3 a6 7. Qf3 Nf6 8. Nxc6 bxc6 9. Bd3 Rb8 10. 0-0 Bd6 11. Qh3 Rxb2 12. Na4 Rb4 13. Nc5 Qa5 14. Nb3 Qh5 15. Qxh5 Nxh5 16. f4 e5 17. fxe5 Bxe5 18. Rab1 Nf6 19. Bc5 Ra4 20. Nd2 d6 21. Ba7 0-0 22. Nc4 Be6 23. Nxe5 dxe5 24. Bc5 Rc8 25. Rb4 Rxa2 26. Bd6 c5 27. Rb7 c4 28. Be2 Rxc2 29. Bd1 Rc1 30. Bxe5 Nxe4 31. Bf4 Ra1 32. Bc2 Rxf1+ 33. Kxf1 Nc5 34. Ra7 h6 35. Be3 Nd3 36. Ke2 Nb4 37. Ba4 c3 38. Rb7 a5 39. Bc1 c2 40. Bd7 Bxd7 41. Rxd7 Na2 42. Kd2 Nxc1 43. Kxc1 Rc5 44. Ra7 f5 45. h4 Kh7 46. h5 f4 47. Rf7 Rxh5 48. Rxf4 Rc5 49. Re4 Kg6 50. Rd4 Kf5 51. Rh4 Kg5 52. Rd4 h5 53. Re4 h4 54. Rd4 Kh5 55. Re4 g5 56. Rd4 Rc3 57. Re4 Rc5 58. Rd4 g4 59. Rd8 Kg5 60. Rf8 Rf5 61. Rg8+ Kf4 62. Kxc2 Kg3 63. Kb3 Rf2 0-1

[Event "NOR-chT 1718"]
[Site "Norway"]
[Date "2018.01.14"]
[Round "6.2"]
[White "Stanford, Maxim Barth"]
[Black "Elsness, Frode"]
[Result "0-1"]
[WhiteElo "2374"]
[BlackElo "2477"]
[PlyCount "102"]
[EventDate "2017.11.03"]
[EventType "team-tourn"]
[EventRounds "9"]
[EventCountry "NOR"]
[SourceTitle "EXT 2019"]
[Source "ChessBase"]
[SourceDate "2018.10.10"]
[SourceVersion "1"]
[SourceVersionDate "2018.10.10"]
[SourceQuality "1"]
[WhiteTeam "Black Knights"]
[BlackTeam "Oslo SK 1911"]
[WhiteTeamCountry "NOR"]
[BlackTeamCountry "NOR"]

1. e4 c6 2. d4 d5 3. e5 c5 4. dxc5 e6 5. a3 Bxc5 6. Nf3 Ne7 7. b4 Bb6 8. Bd3 a5 9. b5 Nd7 10. 0-0 Ng6 11. Qe2 0-0 12. a4 f6 13. Bxg6 hxg6 14. Bb2 fxe5 15. Nxe5 Nxe5 16. Bxe5 Bd7 17. Nd2 Rc8 18. c4 Qh4 19. Bg3 Qh5 20. Qxh5 gxh5 21. Rac1 Bc5 22. Nf3 Ba3 23. Ra1 Be7 24. cxd5 exd5 25. Rad1 Rf5 26. Rfe1 Bf6 27. Be5 Bxe5 28. Nxe5 Be6 29. Nf3 Bf7 30. Rd4 Kf8 31. h4 Rc2 32. Re5 Rxe5 33. Nxe5 Be6 34. f3 Ke7 35. Kh2 Kd6 36. f4 Bf5 37. Kg3 Be4 38. Nf3 Rc4 39. Rxc4 dxc4 40. Ng5 Kd5 41. Kf2 Bc2 42. Ke3 Bxa4 43. f5 Bc2 44. Ne6 Bxf5 45. Nf4+ Ke5 46. Nxh5 a4 47. Kd2 a3 48. Kc3 Be6 49. Ng3 a2 50. Kb2 c3+ 51. Ka1 Bc4 0-1

[Event "NOR-ch rapid"]
[Site "Drammen"]
[Date "2018.01.07"]
[Round "10"]
[White "Stanford, Maxim Barth"]
[Black "Urkedal, Frode Olav Olsen"]
[Result "1/2-1/2"]
[WhiteElo "2370"]
[BlackElo "2572"]
[PlyCount "116"]
[EventDate "2018.01.06"]
[EventType "swiss (rapid)"]
[EventRounds "10"]
[EventCountry "NOR"]
[SourceTitle "CBM 182 Extra"]
[Source "ChessBase"]
[SourceDate "2018.02.23"]
[SourceVersion "1"]
[SourceVersionDate "2018.02.23"]
[SourceQuality "1"]

1. e4 e5 2. Nf3 Nc6 3. Nc3 Nf6 4. d4 exd4 5. Nxd4 Bb4 6. Nxc6 bxc6 7. Bd3 0-0 8. 0-0 d6 9. h3 Nd7 10. a3 Bxc3 11. bxc3 Qf6 12. Bd2 Nc5 13. f4 Re8 14. Qf3 Rb8 15. Rab1 Ba6 16. Rb4 Nxd3 17. cxd3 c5 18. Ra4 Bb5 19. Rxa7 d5 20. c4 dxc4 21. dxc4 Bxc4 22. Rc1 Qb6 23. Ra5 Bb5 24. a4 Bc6 25. Raxc5 Bxe4 26. Qf2 c6 27. Bc3 Bd5 28. a5 Qa7 29. Be5 Rb3 30. R5c3 Rxc3 31. Bxc3 Qa6 32. Re1 Rxe1+ 33. Qxe1 h6 34. f5 Qd3 35. f6 gxf6 36. Bxf6 Kh7 37. Qf2 Qe4 38. Bd4 c5 39. Bxc5 f5 40. Be3 h5 41. a6 h4 42. a7 Kg6 43. Bf4 Qb1+ 44. Kh2 Qe4 45. Bd2 Qe5+ 46. Qf4 Qxf4+ 47. Bxf4 Kh5 48. g3 hxg3+ 49. Kxg3 Bc6 50. h4 Bb7 51. Bc7 Be4 52. Bd8 Kg6 53. Kf4 Kh5 54. Ke5 Kg4 55. Bg5 Bg2 56. Kd6 f4 57. Ke5 Ba8 58. Bxf4 Kxh4 1/2-1/2

[Event "NOR-ch rapid"]
[Site "Drammen"]
[Date "2018.01.06"]
[Round "4"]
[White "Stanford, Maxim Barth"]
[Black "Hammer, Jon Ludvig"]
[Result "0-1"]
[WhiteElo "2370"]
[BlackElo "2621"]
[PlyCount "82"]
[EventDate "2018.01.06"]
[EventType "swiss (rapid)"]
[EventRounds "10"]
[EventCountry "NOR"]
[SourceTitle "CBM 182 Extra"]
[Source "ChessBase"]
[SourceDate "2018.02.23"]
[SourceVersion "1"]
[SourceVersionDate "2018.02.23"]
[SourceQuality "1"]

1. d4 d5 2. c4 e6 3. Nf3 Nf6 4. g3 Bb4+ 5. Bd2 Be7 6. Bg2 0-0 7. 0-0 Nbd7 8. Nc3 dxc4 9. e4 Rb8 10. a4 a6 11. Bf4 b5 12. axb5 axb5 13. Ra7 Rb7 14. Rxb7 Bxb7 15. Nxb5 Bxe4 16. Nxc7 Nh5 17. Be5 Nxe5 18. Nxe5 Bxg2 19. Kxg2 Nf6 20. Nxe6 fxe6 21. Qe2 Qxd4 22. Nxc4 Qe4+ 23. Qxe4 Nxe4 24. f4 Rc8 25. b3 Nd6 26. Re1 Nxc4 27. bxc4 Kf7 28. Re4 Rd8 29. h4 h5 30. Re5 g6 31. Ra5 Rd2+ 32. Kf3 Rd3+ 33. Kg2 Rc3 34. Ra4 Kf6 35. Kf2 Bc5+ 36. Kg2 Rc2+ 37. Kh3 Kf5 38. Ra8 Bg1 39. Ra5+ Ke4 40. g4 Kxf4 41. gxh5 Rh2# 0-1

[Event "NOR-ch blitz"]
[Site "Drammen"]
[Date "2018.01.05"]
[Round "3"]
[White "Christiansen, Johan Sebastian"]
[Black "Stanford, Maxim Barth"]
[Result "1-0"]
[WhiteElo "2492"]
[BlackElo "2370"]
[PlyCount "113"]
[EventDate "2018.01.05"]
[EventType "swiss (blitz)"]
[EventRounds "9"]
[EventCountry "NOR"]
[SourceTitle "CBM 182 Extra"]
[Source "ChessBase"]
[SourceDate "2018.02.23"]
[SourceVersion "1"]
[SourceVersionDate "2018.02.23"]
[SourceQuality "1"]

1. e4 c5 2. Nf3 Nc6 3. b4 cxb4 4. d4 g6 5. a3 Bg7 6. axb4 Nxb4 7. Ra4 Nc6 8. h4 d6 9. h5 Bg4 10. h6 Bf6 11. c3 e5 12. d5 Na5 13. Ba3 b6 14. Bb5+ Kf8 15. Bb4 Ne7 16. Nbd2 Rc8 17. Qa1 Bxf3 18. Nxf3 Qc7 19. Qa3 Rd8 20. 0-0 Nc8 21. Bxa5 bxa5 22. Rxa5 Qe7 23. Bc6 Bg5 24. Rb1 Bxh6 25. Rb7 Qf6 26. Bd7 Kg7 27. Ra6 Nb6 28. Bh3 Nc4 29. Qb4 Nd2 30. Nxd2 Bxd2 31. Raxa7 Rhf8 32. Be6 Kh8 33. Rxf7 Qh4 34. Qb2 Rxf7 35. Rxf7 Bf4 36. g3 Bxg3 37. fxg3 Qxg3+ 38. Qg2 Qe3+ 39. Kh2 Qh6+ 40. Bh3 Rf8 41. Rxf8+ Qxf8 42. Qg3 Qb8 43. Bg2 Kg7 44. c4 Qb4 45. Qd3 h5 46. Qf1 Qc3 47. Qe2 Kh6 48. Qf3 Qxc4 49. Qf8+ Kh7 50. Qxd6 Qc3 51. Qe7+ Kh6 52. Qf8+ Kh7 53. d6 g5 54. d7 h4 55. Qf7+ Kh6 56. Qf6+ Kh5 57. Qf3+ 1-0